zpět

Detail výsledku týmu

R.A.M., Jablonec nad Nisou

Datum a čas kvízu

18 Celkem bodů Celkový počet nahraných bodů na tomto kvízu bez doplňovacích otázek.
21. Pořadí na kvízu Konečné umístění týmu na tomto kvízu.

Zaznamenané odpovědi

# Otázka Odpověď Body Výsledky
1. Víkend proběhl ve znamení otev... Tam (na lodi) a zpátky (na koloběžce) 0
2. Na Tchaj-wanu se v poslední do... medvídek Pú 0
3. Agáta Prachařová povila minulý... Rozárie 1
4. Ve které zemi byl minulý týden... ve Finsku 0
5. Šestý zápas mimořádně zajímavé... ve 4. prodloužení 0
6. Pokračujeme představováním fil... Krakov 0
7. Sedmý film žebříčku byl natoče... Francis Ford Coppola, Marlon Brando, Al Pacino 0.5
8. Jak se jmenuje film na osmém m... Dvanáct rozhněvaných mužů 1
9. Film Nedotknutelní byl natočen... Francie 1
10. Napište název sbírky povídek s... Hovno hoří 0